00450nam a2200121Ia 4500008004100000100002300041245005800064260002900122650002500151856006100176999001900237952007200256160909s9999 xx 000 0 und d aZimmerman, Mary-Jo aExploring the Role of Bookkeeping in Business Success bWalden University.c2016 aMARKETING MANAGEMENT uhttp://pqdtopen.proquest.com/doc/1801982454.html?FMT=ABS c304821d304821 001040aCLbCLd2016-09-15l0r2016-09-15 00:00:00w2016-09-15yET